| 000 | 00961nam a2200301 i 4500 | ||
|---|---|---|---|
| 003 | EG-GICUC | ||
| 005 | 20260427065518.0 | ||
| 008 | 260427s1985 -us |fr|||| 000 0 eng d | ||
| 020 | _a9211421128 | ||
| 040 |
_aEG-GiCUC _beng _cEG-GiCUC _dEG-GiCUC _erda |
||
| 041 | 0 | _aeng | |
| 082 | 0 | 4 |
_221 _a341.23 _bUN . U |
| 092 | 0 | 4 | _221 |
| 099 | _aLaw1 11 341.23 UN . U 1985 | ||
| 110 | 2 |
_aUnited Nations Department for Disarmament Affairs _eAuthor. |
|
| 245 | 1 | 4 |
_aThe United Nations and Disarmament: 1945-1985 / _cUnited Nations Department for Disarmament Affairs. |
| 264 | 1 |
_aNew York : _bUnited Nations , _c1985. |
|
| 300 |
_a166 pages, _c22 cm |
||
| 336 |
_2rda content _atext |
||
| 337 |
_2rda media _aComputer |
||
| 338 |
_2rda carrier _aOnline Resource |
||
| 504 | _a | ||
| 546 | _aText in English | ||
| 650 | 1 | 4 | _aPublic international law |
| 856 | 4 | 0 | _uhttps://fll.law.cu.edu.eg/fulltext/bks/B11-09952.pdf |
| 905 | _a48 | ||
| 942 |
_2ddc _cBK _e21 _n0 |
||
| 999 |
_c73518 _d73518 |
||